00684nam a2200241Ia 4500003000900000008004100009040001300050040001300063041000800076100003000084245002300114250001300137260002100150260000900171300001100180300000900191300001000200490001900210490000700229942000700236999001700243952018200260IT-RoPAU120407s9999 xx 000 0 und d aIT-RoPAU cIT-RoPAU aita aRegid De Campos Deoclecio aI palazzi vaticani aBologna  aLicinio Cappelli c1967 a287 p. bill. c24 cm aRoma cristiana v18 cBK c31509d31509 00102ddc406914_21800000000000071aPAULUSbPAULUSd2012-04-11l0o914.218r2012-04-11 00:00:00w2012-04-11yBKzInserito da: In data: n.d. fondo: Via A.Severo 56 Progr:11151